Normale Ansicht MARC-Ansicht ISBD

Hinrichtung eines Reporters (Titelsatznr. 374347)

[ MARC ]
MARC-Details
000 -Satzkennung
Kontrollfeld mit fester Länge 00640nab a2200193 4500
001 - Kontrollnummer
Kontrollfeld 244442
003 - Kontrollnummer Identifier
Kontrollfeld OSt
005 - Datum und Zeit der letzten Transaktion
Kontrollfeld 20260318093646.0
007 - Feld mit fester Länge zur physischen Beschreibung - Allgemeine Information
Kontrollfeld mit fester Länge tu
008 - Feld mit fester Länge zur physischen Beschreibung - Allgemeine Angaben
Kontrollfeld mit fester Länge 260318s2020|||||||
040 ## - Katalogisierungsquelle
Original-Katalogisierungsstelle DE-2950
Übertragungsstelle DE-2950
245 00 - Titel
Titel Hinrichtung eines Reporters
Zusatz zum Titel DDR-Geschichte. 1953 wurde der "Neue Tag"-Journalist Horst Kampioni in Moskau erschossen. Nun soll eine Gedenkplatte an sein Schicksal erinnern/
Verfasserangabe etc. Christina Pekel
264 ## - Produktion, Veröffentlichung, Distribution, Herstellung und Urheberrechtsvermerk
Datum der Herstellung, der Veröffentlichung, des Vertriebs oder des Urheberschutzvermerks 2026
653 ## - Indexierungsterm - Nicht normiert
Nicht-normierter Term Frankfurt
653 ## - Indexierungsterm - Nicht normiert
Nicht-normierter Term DDR-Geschichte
653 ## - Indexierungsterm - Nicht normiert
Nicht-normierter Term Horst Kampioni
773 0# - Übergeordnete Einheit
Verknüpfungsangaben 37. Jahrgang (2026) Nr. 62 vom 14.03.2026 , S. 17 mit Fotos
Titel Märkische Oderzeitung
942 ## - Zusätzliche Felder (Koha)
Klassifikation oder Aufstellungssystematik Andere/Generische Klassifikation
Koha-Medientyp Aufsätze
Exemplare
Ausgeschieden Verloren Klassifikation oder Aufstellungssystematik Beschädigt Nicht entleihbar Heimatbibliothek Aufenthaltsbibliothek Aufstellungsort Erwerbungsdatum Anzahl Ausleihen Signatur Letzte Aktivität Preis gültig von Koha-Medientyp
    Andere/Generische Klassifikation     Stadtarchiv Frankfurt (Oder) | Archivbibliothek Stadtarchiv Frankfurt (Oder) | Archivbibliothek Magazin 18/03/2026   Z2 18/03/2026 18/03/2026 Aufsätze